000 00507nam a2200193Ia 4500
005 20250923145600.0
008 008 250917s9999 xx 000 0 eng d
037 _aTextual
040 _aDSWL
_beng
_cDSWL
041 _aeng
_2eng
084 _aY18:414, N73
_qDSWL
245 0 _aYouth and drugs: Report of
_c by W.H.O.
260 _aGeneva
_bW.H.O.
_c1973
300 _a45p.
365 _aINR
_b45
925 _g45
942 _cTEXL
_hY18:414, N73
999 _c1453108
_d1453108